000 00564cam a22002053a 4500
001 38435
003 PGUSA
005 20140828083840.0
008 111229s2011||||xxu|||||s|||||000 | eng d
040 _aPGUSA
_beng
042 _adc
100 1 _aSue, Eugène,
_d1804-1857
245 1 0 _aLe morne au diable
_h[electronic resource] /
_cEugène Sue
260 _bProject Gutenberg,
_c2011
506 _aPublic domain in the USA.
516 _aElectronic text
830 0 _aProject Gutenberg
_v38435
856 4 0 _uhttp://www.gutenberg.org/ebooks/38435
942 _cEB
999 _c267689
_d267689